| 000 | 00446nam a2200157 4500 | ||
|---|---|---|---|
| 001 | 109838 | ||
| 003 | ES-MaACL | ||
| 005 | 20230906184925.0 | ||
| 007 | t| | ||
| 008 | 061121s1972 sp r ||||1| spa d | ||
| 100 | 1 |
_aOnieva, Antonio J. _987081 |
|
| 245 | 1 | 3 |
_aLa mitología en el Museo del Prado / _cAntonio Juan Onieva. |
| 260 |
_aMadrid : _bOffe, _c1972. |
||
| 300 |
_a220 p. 24 lám. col. ; _c20 cm. |
||
| 852 |
_aES-MaACL _jC-42802 _bR.82615 |
||
| 999 |
_c109838 _d109838 |
||